វារីវប្បកម្មរួមផ្សំ intergrated aquaculture (Record no. 8843)

000 -LEADER
fixed length control field 00339nam a22001217a 4500
040 ## - CATALOGING SOURCE
Transcribing agency HS
082 ## - DEWEY DECIMAL CLASSIFICATION NUMBER
Classification number 639
100 ## - MAIN ENTRY--AUTHOR NAME
Personal name HUOT KONGHEANG
245 ## - TITLE STATEMENT
Title វារីវប្បកម្មរួមផ្សំ intergrated aquaculture
260 ## - PUBLICATION, DISTRIBUTION, ETC. (IMPRINT)
Place of publication prek leap national school of agriculture
Name of publisher HUOT KONGHEANG
Year of publication NA
300 ## - PHYSICAL DESCRIPTION
Number of Pages 61p.
942 ## - ADDED ENTRY ELEMENTS (KOHA)
Koha item type សៀវភៅភាសាខ្មែរ
952 ## - LOCATION AND ITEM INFORMATION (KOHA)
Withdrawn status [LOCAL, KOHA] 0
952 ## - LOCATION AND ITEM INFORMATION (KOHA)
Withdrawn status [LOCAL, KOHA] 0
952 ## - LOCATION AND ITEM INFORMATION (KOHA)
Withdrawn status [LOCAL, KOHA] 0
Holdings
Permanent Location Date acquired Koha item type Lost status Shelving location Barcode Current Location Full call number
Library Block C2016-08-16សៀវភៅភាសាខ្មែរ C261RUA043307Library Block C639 HUO NA C261
Library Block C2016-09-08សៀវភៅភាសាខ្មែរ C234RUA043390Library Block C639 HUO NA C234
Library Block C2016-09-08សៀវភៅភាសាខ្មែរ C234RUA44234Library Block C639 HUO NA C234
មជ្ឈមណ្ឌលឯការនៃសាកលវិទ្យាល័យភូមិន្ទកសិកម្មចំការដូង

Powered by Koha